| 000 | 01431cam a22003617i 4500 | ||
|---|---|---|---|
| 001 | 15287557 | ||
| 003 | EG-ScBUE | ||
| 005 | 20250526094645.0 | ||
| 008 | 080503t2008 nyua f b 001 0 eng d | ||
| 020 | _a9780071543828 (pbk.) | ||
| 020 | _a0071543821 | ||
| 035 | _a(DLC)15287557 | ||
| 035 | _a(DLC)2008299146 | ||
| 035 | _a(OCoLC)ocn213810569 | ||
| 040 |
_aEG-ScBUE _beng _erda _cEG-ScBUE _dEG-ScBUE |
||
| 082 | 0 | 4 |
_a530.143 _222 _bMCM |
| 100 | 1 |
_aMcMahon, David _q(David M.), _eauthor. _93968 |
|
| 245 | 1 | 0 |
_aQuantum field theory demystified / _cDavid McMahon. |
| 264 | 1 |
_aNew York, N.Y. : _bMcGraw-Hill, _c[2008] |
|
| 264 | 4 | _cc2008 | |
| 300 |
_axvi, 299 pages : _billustrations ; _c24 cm |
||
| 336 |
_2rdacontent _atext _btxt |
||
| 337 |
_aunmediated _2rdamedia _bn |
||
| 338 |
_avolume _bnc _2rdacarrier |
||
| 500 | _a"Covers the essential principles and mathematical framework of quantum field theory; loaded with sample equations and solutions; perfect for self-study or as a classroom supplement; complete with end-of-chapter quizzes and a final exam"--Cover. | ||
| 500 | _a"A self-teaching guide"--Cover. | ||
| 504 | _aIncludes bibliographical references and index. | ||
| 650 | 7 |
_aQuantum field theory. _93971 _2BUEsh |
|
| 650 | 7 |
_aParticles (Nuclear physics) _93972 _2BUEsh |
|
| 655 | _vReading book | ||
| 856 | 4 | 1 |
_3Table of contents _uhttp://www.loc.gov/catdir/toc/fy0804/2008299146.html |
| 942 |
_2ddc _cBB |
||
| 999 |
_c11362 _d11362 |
||